000 00628nam a2200217Ii 4500
003 JO-AjNU
008 230606s9999||||xx |||||||||||||| ||und||
020 _a978-81-317-1725-5
040 _aJO-AjNU
_beng
_erda
_cJO-AjNU
041 _aeng
050 1 4 _aQA76.9.H85 H856 2011
100 3 _aDix. Alan … (et .all),
_eauthor
_93931
245 0 0 _a Human-computer interaction  
250 _a3th ed
264 3 1 _aPearson. 2011
300 _a834p
336 _atext
_btxt
_2rdacontent
337 _aunmediated
_bn
_2rdamedia
338 _avolume
_bnc
_2rdacarrier
650 4 _aHuman-computer interaction System design
_93932
999 _aE2049
_c2048
_d2048